CMOS Digital Integrated Circuits : Analysis and Design /

Spremljeno u:
Bibliografski detalji
Glavni autor: Kang, Sung-mo.
Daljnji autori: Leblebici, Yusuf.
Format: Sách giấy
Jezik:English
Izdano: Singapore : McGraw-Hill, 1996.
Oznake: Dodaj oznaku
Bez oznaka, Budi prvi tko označuje ovaj zapis!
Thư viện lưu trữ: Thư viện Trường Đại học Đà Lạt
LEADER 00654nam a2200265 4500
001 DLU020004875
005 ##19990701
040 # # |a DLU  |b vie 
041 # # |a eng 
044 # # |a sg 
082 # # |a 621.381 5  |b KA-S 
100 # # |a Kang, Sung-mo. 
245 # # |a CMOS Digital Integrated Circuits :  |b Analysis and Design /  |c Kang Sung-Mo, Leblebici Yusuf. 
260 # # |a Singapore :  |b McGraw-Hill,  |c 1996. 
300 # # |a x, 614 tr. ;  |c 23 cm. 
700 # # |a Leblebici, Yusuf. 
992 # # |a 193989 
994 # # |a DLU 
900 # # |a False 
911 # # |a Administrator 
925 # # |a G 
926 # # |a A 
927 # # |a SH 
980 # # |a Thư viện Trường Đại học Đà Lạt